000 00729nam a2200253Ia 4500
003 OSt
005 20220926020213.0
006 a|||||r|||| 00| 0
007 ta
008 220923b |||||||| |||| 00| 0 eng d
020 _a0415920116
037 _cGeneral Book
040 _aRTL
_cRTL
_beng
041 _2eng
_aeng
082 _aY73w436,N9, N8
100 _aHoskins Janet
_9323851
245 0 _aBiographical objects
_b How things tell the stories of people's lives
260 _aNew York
_bRoutledge
_c1998
300 _ax, 213p
_ccm.
500 _aBibliography: P 199-210
650 _aEthnology
_935130
942 _hY73w436,N9, N8
_cGB
_2CC
999 _c633611
_d633611